| 000 | 01293nam a2200265Ia 4500 | ||
|---|---|---|---|
| 003 | OSt | ||
| 005 | 20220930094756.0 | ||
| 006 | a|||||r|||| 00| 0 | ||
| 007 | ta | ||
| 008 | 220926b |||||||| |||| 00| 0 san d | ||
| 024 | _a11285 | ||
| 037 | _cTheses | ||
| 040 |
_aCRL _cCRL _bsan |
||
| 041 |
_2san _asan |
||
| 100 | _aरस्तोगी, रचना, ले. | ||
| 110 |
_aदिल्ली विश्वविद्यालय. कला संकाय. संस्कृत विभाग _9556267 |
||
| 245 | 0 | _aस्वामिश्रीमद्भगवदाचार्य - प्रणीत श्रीमहात्मागान्धिचरितम् महाकाव्य का साहित्यशास्त्रीय अध्ययन | |
| 246 | _aSvāmishrīmadbhagavadāchārya - praṇīt shrīmahātmāgāndhicharitam mahākāvya kā sāhityashāstrīya adhyayana | ||
| 260 | _c2012 | ||
| 300 |
_a377पृ0 _ap. _ccm. |
||
| 650 | _aसंस्कृत साहित्य | ||
| 700 |
_aदिल्ली विश्वविद्यालय. कला संकाय. संस्कृत विभाग _9556268 |
||
| 942 |
_cDIS _2CC |
||
| 999 |
_c887665 _d887665 |
||